Word Ladder: Return of the Jedi Plot Spoiler Quiz Stats

Quiz Updated Oct 24, 2014

Challenge
Share
Tweet
Embed
Score 0/39 Timer 04:00
4 Plays Today
Hint 4-Letter Word % Correct
✧Matthew, Mark, ____ & John✧ ✧ LUKE ✧
97.2%
Merlot or Pinot Grigio, e.g.WINE
96.2%
Short sleepsNAPS
96.1%
Dog's soundBARK
96.1%
✧Victories✧ ✧ WINS ✧
96%
✧Opposite of front✧ ✧ BACK ✧
96%
Takes small mouthfuls of a beverageSIPS
95.8%
Sticky tree liquidsSAPS
95.6%
✧Father, or elder Smurf✧ ✧ PAPA ✧
95.5%
To feel fondness for somethingLIKE
95.4%
✧____ Russia with Love✧ ✧ FROM ✧
95.2%
Wrath, Gluttony & Sloth, e.g.SINS
95.2%
Toad relativeFROG
94.9%
Maggie's and Lisa's brotherBART
94.7%
You might draw this in the sandLINE
94.7%
Important high school dancePROM
94.7%
Canada's has a red maple leafFLAG
94.1%
California grape -growing regionNAPA
93.9%
The Jurassic one failedPARK
93.8%
Pork or beef, e.g.MEAT
93.7%
Hint 4-Letter Word % Correct
What ice cubes do near heatMELT
93.7%
Precedes -trooper, -mount, or -dise PARA
93.4%
Being without hills/inclinesFLAT
93.3%
✧Not light in color✧ ✧ DARK ✧
93.2%
____ & properPRIM
92.6%
To hit/whip repeatedlyFLOG
92.1%
Person from EnglandBRIT
91.4%
Outer ridge of some hatsBRIM
91.4%
Used to catch fishBAIT
90.8%
Actor Hamill (played Rung #1)MARK
90.8%
AccomplishmentFEAT
90.6%
To be without somethingLACK
89.1%
Darker vinegarMALT
88.2%
Bird or fun spreeLARK
87.6%
Rock band ____ StraitsDIRE
86.6%
To challenge someoneDARE
86.4%
K or Kwik-E followerMART
86%
Male parent of an animalSIRE
79.8%
✧Triangle part✧ ✧ SIDE ✧
76.2%

Today's Daily Dose

Missing Word
Brians

On This Day
January 17th

You're not logged in!

Compare scores with friends on all Sporcle quizzes.
Sign Up with Email
OR
Log In

You Might Also Like...

Show Comments

Extras

Top Quizzes Today


Score Distribution

Your Account Isn't Verified!

In order to create a playlist on Sporcle, you need to verify the email address you used during registration. Go to your Sporcle Settings to finish the process.